Statistics for All Avengers Infinity War Superheros

Click here to take the quiz!

General Stats

  • This quiz has been taken 273 times
  • The average score is 16 of 21

Answer Stats

HintAnswer% Correct
1Iron Man
100%
2Captain America
98%
4Hulk
98%
3Thor
97%
15Black Panther
92%
16Black Widow
91%
5Spider-Man
90%
6Star Lord
87%
14Doctor Strange
86%
11Groot
86%
8Drax
83%
7Gamora
82%
17Scarlet Witch
78%
13Vision
72%
18Falcon
69%
12Mantis
67%
9Nebula
67%
19Winter Soldier
64%
10Rocket Racoon
50%
20Wong
47%
21Okoye
38%

Score Distribution

Percentile by Number Answered

Percent of People with Each Score

Your Score History

You have not taken this quiz